000 00723aam a2200277 i 4500
001 768714001
003 CO-MdFUSB
005 20250529165545.0
007 ta
008 250529t1976 ag ||||| |||| 00| 0 spa d
040 _cCO-MdFUSB
041 0 _aspa
082 0 4 _223
_a248.8
_bY681i
100 1 _aYoung, José
_eautor
245 1 0 _aIniciación en la fe
_c/ José Young
264 1 _bEdiciones Certeza,
_aBuenos Aires, Argentina :
_c[1976]
264 4 _c©1976
300 _a126 páginas
336 _atexto
_btxt
_2rdacontent
337 _2rdamedia
_asin mediación
_bn
338 _2rdacarrier
_avolumen
_bnc
563 _aRústico
650 1 0 _aVida cristiana
_919
942 _cBK
945 _aElías Tolentino
999 _c36071
_d36071